| 000 | 00641nam a22001937a 4500 | ||
|---|---|---|---|
| 003 | OSt | ||
| 005 | 20221027194451.0 | ||
| 008 | 221027b |||||||| |||| 00| 0 eng d | ||
| 040 | _cBiblioteca Lado V | ||
| 082 |
_2700.1 _aOT87a |
||
| 100 |
_9226 _aOtegui Pascual, Charo _epresidenta |
||
| 245 | _aA-Desk Workshop/ | ||
| 260 |
_aEspaƱa _aLatinoamerica _bA-Desk _c2009 |
||
| 300 |
_a156p. _c24x24cm |
||
| 650 |
_2Tesauro de Arte & Arquitectura _aFERIA DE ARTE |
||
| 650 |
_2Tesauro de Arte & Arquitectura _aARTE CONTEMPORANEO |
||
| 651 |
_2Tesauro de Arte & Arquitectura _aARGENTINA |
||
| 942 |
_2ddc _c1 _h700.1 _iOT87a _n0 |
||
| 999 |
_c2383 _d2383 |
||